Statistics for General Knowledge quiz - Geography

Click here to take the quiz!

General Stats

  • This quiz has been taken 773 times
  • The average score is 11 of 18

Answer Stats

Hint Answer % Correct
Capital of SwedenStockholm
95%
Which country's flag is this -Red, Blue, White (13 strips and 50 stars)United states of America
91%
1st largest countryRussia
87%
2nd largest countryCanada
81%
3rd largest countryChina
77%
4th largest countryUnited States of America
74%
Capital of TaiwanTaipei
72%
Capital of MalaysiaKuala Lumpur
69%
Capital of Saudi ArabiaRiyadh
69%
5th largest countryBrazil
66%
Where is it situated-The Colossus of RhodesGreece
63%
Where is it situated-The Hanging Gardens of BabylonIraq
54%
Capital of Sri LankaColombo
47%
Which country's flag is this -Non-equilateral pentagonNepal
42%
Which country's flag is this -Saffron, White, Green, Blue (Ashoka Chakra)India
34%
Where is it situated-Jantar MantarIndia
26%
Where is it situated-Christo ReiPortugal
11%
Which country's flag is this -Light blue, Yellow, Green (With a Sun)Rwanda
7%

Score Distribution

Percentile by Number Answered

Percent of People with Each Score

Your Score History

You have not taken this quiz